<?xml version="1.0" encoding="UTF-8"?><?xml-stylesheet type="text/xsl" href="static/style.xsl"?><OAI-PMH xmlns="http://www.openarchives.org/OAI/2.0/" xmlns:xsi="http://www.w3.org/2001/XMLSchema-instance" xsi:schemaLocation="http://www.openarchives.org/OAI/2.0/ http://www.openarchives.org/OAI/2.0/OAI-PMH.xsd"><responseDate>2026-04-13T02:05:06Z</responseDate><request verb="GetRecord" identifier="oai:www.recercat.cat:2117/431000" metadataPrefix="marc">https://recercat.cat/oai/request</request><GetRecord><record><header><identifier>oai:recercat.cat:2117/431000</identifier><datestamp>2026-01-24T03:48:52Z</datestamp><setSpec>com_2072_1033</setSpec><setSpec>col_2072_452950</setSpec></header><metadata><record xmlns="http://www.loc.gov/MARC21/slim" xmlns:dcterms="http://purl.org/dc/terms/" xmlns:xsi="http://www.w3.org/2001/XMLSchema-instance" xmlns:doc="http://www.lyncode.com/xoai" xsi:schemaLocation="http://www.loc.gov/MARC21/slim http://www.loc.gov/standards/marcxml/schema/MARC21slim.xsd">
   <leader>00925njm 22002777a 4500</leader>
   <datafield ind2=" " ind1=" " tag="042">
      <subfield code="a">dc</subfield>
   </datafield>
   <datafield ind2=" " ind1=" " tag="720">
      <subfield code="a">D'Avila, Rodrigo</subfield>
      <subfield code="e">author</subfield>
   </datafield>
   <datafield ind2=" " ind1=" " tag="720">
      <subfield code="a">Pesoa Marcilla, Melisa</subfield>
      <subfield code="e">author</subfield>
   </datafield>
   <datafield ind2=" " ind1=" " tag="720">
      <subfield code="a">García, Gonzalo</subfield>
      <subfield code="e">author</subfield>
   </datafield>
   <datafield ind2=" " ind1=" " tag="720">
      <subfield code="a">Rocamonde Lourido, Javier</subfield>
      <subfield code="e">author</subfield>
   </datafield>
   <datafield ind2=" " ind1=" " tag="260">
      <subfield code="c">2025-05</subfield>
   </datafield>
   <datafield ind2=" " ind1=" " tag="520">
      <subfield code="a">Several international organizations agree that land consumption is in a critical situation, yet demand for urbanized spaces persists, even in declining populations. This phenomenon has been primarily applied to large urban agglomerations, so the dynamics of land take in non-urban areas, particularly those situated far from large metropolises, should not be overlooked. The central question of this article is whether increased land consumption in rural areas corresponds to population dynamics. By examining different remote sensing datasets regarding small municipalities in Catalonia (Spain), together with the population census, it seeks to ascertain whether there is a correlation between soil imperviousness, as an indicator of urbanization processes, and demographic changes in rural context. The study provides a comprehensive examination of land consumption for 2009–2018, following the real estate crisis, in Catalonia’s rural municipalities, elucidating the complexities of achieving sustainable land use in the context of population decline. The results of the study indicate that even after the 2008 crisis, rural towns continued to grow in size, generating more land consumption, even without population growth. This stands in contrast to the post-crisis dynamics observed in Spain’s major cities. The findings underscore the importance of analyzing regional dynamics in functional areas rather than by individual municipalities, to achieve a comprehensive understanding of the process. These findings are vital for the development of future regional planning policies, ensuring the optimal allocation of resources and the provision of necessary support to municipalities for the sustainable management of their growth.</subfield>
   </datafield>
   <datafield ind2=" " ind1=" " tag="520">
      <subfield code="a">This publication is part of the R&amp;D project PCI2020-120716-2, funded by MCIN/AEI/10.13039/501100011033/and the Spanish Recovery, Transformation and Resilience Plan. The research is part of the project “Assessment of Transformations in Vitality, Vulnerability and Versatility of Rural Towns (3VRUT)”, supported by EIG CONCERT-Japan initiative within the Framework of the Strategic International Collaborative Research Program (SICORP) under the 7th Joint Call of “ICT for Resilient, Safe and Secure Society” (2021–2024).</subfield>
   </datafield>
   <datafield ind2=" " ind1=" " tag="520">
      <subfield code="a">Peer Reviewed</subfield>
   </datafield>
   <datafield ind2=" " ind1=" " tag="520">
      <subfield code="a">Postprint (published version)</subfield>
   </datafield>
   <datafield tag="653" ind2=" " ind1=" ">
      <subfield code="a">Àrees temàtiques de la UPC::Urbanisme::Ordenació del territori</subfield>
   </datafield>
   <datafield tag="653" ind2=" " ind1=" ">
      <subfield code="a">Regional planning -- Spain -- Catalonia</subfield>
   </datafield>
   <datafield tag="653" ind2=" " ind1=" ">
      <subfield code="a">Land use, Rural -- Spain -- Catalonia</subfield>
   </datafield>
   <datafield tag="653" ind2=" " ind1=" ">
      <subfield code="a">Land consumption</subfield>
   </datafield>
   <datafield tag="653" ind2=" " ind1=" ">
      <subfield code="a">Land take</subfield>
   </datafield>
   <datafield tag="653" ind2=" " ind1=" ">
      <subfield code="a">Rural towns</subfield>
   </datafield>
   <datafield tag="653" ind2=" " ind1=" ">
      <subfield code="a">Rural depopulation</subfield>
   </datafield>
   <datafield tag="653" ind2=" " ind1=" ">
      <subfield code="a">Catalonia</subfield>
   </datafield>
   <datafield tag="653" ind2=" " ind1=" ">
      <subfield code="a">Spain</subfield>
   </datafield>
   <datafield tag="653" ind2=" " ind1=" ">
      <subfield code="a">Ordenació del territori -- Catalunya</subfield>
   </datafield>
   <datafield tag="653" ind2=" " ind1=" ">
      <subfield code="a">Sòl, Ús agrícola del -- Catalunya</subfield>
   </datafield>
   <datafield ind2="0" ind1="0" tag="245">
      <subfield code="a">Land consumption and urbanization in rural areas: understanding the dynamics of land take and demographic changes in rural municipalities in Catalonia, Spain</subfield>
   </datafield>
</record></metadata></record></GetRecord></OAI-PMH>